| 000 | 00545nam a22001937a 4500 | ||
|---|---|---|---|
| 003 | CEME | ||
| 005 | 20210628202955.0 | ||
| 008 | 210119b xxu||||| |||| 00| 0 eng d | ||
| 020 | _a0-07-246166-7 | ||
| 040 | _c. | ||
| 082 | _a613 ANS | ||
| 100 |
_aAnspaugh, David J, Hamrick, Michael H, Rosato, F.D _962665 |
||
| 245 | _aWellness, concepts and applications | ||
| 250 | _a5TH | ||
| 260 |
_aNEW YORK _bMCGRAW HILL _c2003 |
||
| 300 | _aXIX,501 P | ||
| 650 |
_aHEALTH, SELF CARE HEALTH, MEDICINE PREVENTIVE.FITNESS _962666 |
||
| 942 |
_cBK _2ddc |
||
| 999 |
_c571705 _d571705 |
||